000 00339nam a2200145Ia 4500
008 240126s9999 xx 000 0 und d
041 _aEnglish
082 _aPRHM17-1873
100 _aHari Kishore.
245 0 _aMomo cafe
_bV Jaykumar.
260 _bPES University
_aBangalore
440 _aNULL
650 _aMomo,cafe
942 _cPR
999 _c281801
_d281801